Postavenie Kanady vo svetovej ekonomike diplomová práca

Enregistré dans:
Détails bibliographiques
Auteur principal: Haršányová, Ivana
Collectivité auteur: Obchodná fakulta EU. Katedra medzinárodného obchodu
Autres auteurs: Ružeková, Viera, 1957-
Format: Livre
Langue:slovaque
Publié: Bratislava 2011
Tags: Ajouter un tag
Pas de tags, Soyez le premier à ajouter un tag!

MARC

LEADER 00000nam a2200000 4500
001 0147583
005 20240318124810.6
041 0 |a slo 
044 |a SK 
245 1 0 |a Postavenie Kanady vo svetovej ekonomike  |b diplomová práca  |c Ivana Haršányová ; školiteľ: Viera Ružeková 
264 1 |a Bratislava  |c 2011 
300 |a 98 s. 
100 1 |a Haršányová, Ivana 
700 1 |a Ružeková, Viera, 1957- 
710 2 |a Obchodná fakulta EU. Katedra medzinárodného obchodu